000 00872nam a22002297a 4500
999 _c6809
_d6809
003 AR-CdUCM
008 190319b ||||| |||| 00| 0 spa d
040 _aMUNICIPALIDAD PROVINCIAL DEL CUSCO
_cBIBLIOTECA MUNICIPAL DEL CUSCO
041 _heng.
082 _a575.1 /
_bH84
100 _aHovanitz, William
_919184
245 _aTratado de genética /
260 _aMadrid :
_bAguilar,
_c1957.
300 _a469 paginas ;
_c21 cm.
505 _aContenido :Principio de la segregación mendeliana -- Probabilidad y significación -- Segregación aplicada -- Principio de la recombinación al azar -- Mitosis y gametogénesis -- Estructura cromosómica -- Ligamiento factorial ...
650 _aGenética
_95063
650 _aOrigen
_915147
650 _aPrincipios
_95198
700 _aRicardo Tellez Molina (traductor)
_919185
942 _2ddc
_cLIBROS
945 _arjall